World Capitals Closest to Tristan da Cunha - Statistics

General Stats
  • This quiz has been taken 16 times
  • The average score is 10 of 15
Answer Stats
km Answer % Correct
4225 Brasília
88%
4133 Buenos Aires
88%
3929 Montevideo
88%
4055 Luanda
81%
3242 Windhoek
81%
4467 Asuncion
75%
2795 Cape Town
75%
4392 Maputo
69%
3875 Gaborone
63%
4665 Lusaka
63%
4014 Pretoria
63%
4579 Kinshasa
56%
4246 Mbabane
56%
3670 Bloemfontein
50%
3778 Maseru
50%
No matching quizzes found
Score Distribution
Percent of People with Each Score
Percentile by Number Answered
Your Score History
You have not taken this quiz